Statistics for European Countries With Six Letters

Click here to take the quiz!

General Stats

  • This quiz has been taken 525 times
    (314 since last reset)
  • The average score is 8 of 10

Answer Stats

country% Correct
Norway
91%
Sweden
91%
Latvia
90%
Ελλάδα
Greece
87%
France
86%
Србија
Serbia
84%
Poland
83%
Россия
Russia
78%
Monaco
78%
Kosovo
76%

Score Distribution

Percentile by Number Answered

Percent of People with Each Score

Your Score History

You have not taken this quiz since the last reset